logo

Bir Sreshtho Munshi Abdur Rouf Library
Jhenaidah Cadet College

English At Home / (Record no. 4560)

MARC details
000 -LEADER
fixed length control field 00739nam a22002532a 4500
001 - CONTROL NUMBER
JCCL Control Number 4560
003 - CONTROL NUMBER IDENTIFIER
JCCL marc code BD-JhCC
005 - DATE AND TIME OF LATEST TRANSACTION
control field 20180305132144.0
008 - FIXED-LENGTH DATA ELEMENTS--GENERAL INFORMATION
fixed length control field 860101s1966 enk b 000 0 eng d
035 ## - SYSTEM CONTROL NUMBER
system control number (BD-JhCC)4560
040 ## - CATALOGING SOURCE
Original cataloging agency CLU
Transcribing agency CLU
Modifying agency UKM
-- EQO
-- BD-JhCC
041 ## - LANGUAGE CODE
Language code of Book eng
082 ## - DEWEY DECIMAL CLASSIFICATION NUMBER
Classification number 128.24
-- 428.24
DDC Edition number 18
Author mark and Year LEE 1966
090 ## - LOCALLY ASSIGNED LC-TYPE CALL NUMBER (OCLC); LOCAL CALL NUMBER (OCLC)
Classification number (OCLC) (R) ; Classification number, CALL (RLIN) (NR) PE1128
Local cutter number (OCLC) ; Book number/undivided call number, CALL (RLIN) .L516e
100 1# - MAIN ENTRY--PERSONAL NAME
Personal name Lee, William Rowland.
245 10 - TITLE STATEMENT
Title English At Home /
Statement of responsibility, etc William Rowland Lee
260 ## - PUBLICATION, DISTRIBUTION, ETC. (IMPRINT)
Place of publication, distribution, etc Oxford University Press :
Name of publisher, distributor, etc London,
Date of publication, distribution, etc 1966.
300 ## - PHYSICAL DESCRIPTION
Pagination xiv, 305, xvii-xxix p
Dimensions 18 cm.
504 ## - BIBLIOGRAPHY, ETC. NOTE
Bibliography, etc Bibliography: p. 273
650 #0 - SUBJECT ADDED ENTRY--TOPICAL TERM
Topical term or geographic name as entry element English language
Form subdivision Textbooks for foreign speakers
650 #0 - SUBJECT ADDED ENTRY--TOPICAL TERM
Topical term or geographic name as entry element English language
Form subdivision Self-instruction
942 ## - ADDED ENTRY ELEMENTS (KOHA)
Source of classification or shelving scheme Dewey Decimal Classification
Koha item type Books
Holdings
Source of classification or shelving scheme Damaged status Not for loan Home library Current library Shelving location Date of accession Total Checkouts Full call number Barcode Date last seen Copy number Koha item type
Dewey Decimal Classification     JCC Rouf Library JCC Rouf Library General Stacks 11/28/2017   128.24 LEE 1966 6561 11/28/2017 C - 1 Books
Dewey Decimal Classification     JCC Rouf Library JCC Rouf Library General Stacks     128.24 LEE 1966 11419 03/05/2018 C - 2 Books

JCC Library | Contacts | JCC Home

Last Update on 23 September 2017
Copyright @ 2017-2020 JCC Rouf Library
Rouf Library, Jhenidah Cadet College (JCC), Bangladesh